[Event "Silver Lake Open-A 2019"]
[Site "Veliko Gradiste"]
[Date "2019.06.16"]
[Round "1.4"]
[White "Savic, Miodrag R"]
[Black "Aleksic, Neven"]
[Result "*"]
[WhiteElo "2503"]
[BlackElo "2175"]
[Annotator "RC"]
[PlyCount "23"]
[EventDate "2019.06.16"]
[EventType "swiss"]
[EventCountry "SRB"]
[SourceTitle "playchess.com"]
[Source "ChessBase"]
[SourceQuality "1"]
[TimeControl "40/5400+30:900+30"]

1. e4 e5 2. Nf3 Nc6 3. Bc4 Bc5 4. O-O Nf6 5. d3 O-O 6. Bb3 d6 7. c3 Bb6 8. Nbd2 Be6 9. Nc4 h6 10. Re1 Re8 11. a4 Bc5 12. Ne3 *

[Event "Silver Lake Open-A 2019"]
[Site "Veliko Gradiste"]
[Date "2019.06.16"]
[Round "1.6"]
[White "Strikovic, Aleksa"]
[Black "Galunova, Tsveta"]
[Result "*"]
[WhiteElo "2503"]
[BlackElo "2156"]
[Annotator "TA"]
[PlyCount "38"]
[EventDate "2019.06.16"]
[EventType "swiss"]
[EventCountry "SRB"]
[SourceTitle "playchess.com"]
[Source "ChessBase"]
[SourceQuality "1"]

{[%evp 29,35,-35,-22,-24,-22,-20,-25,-111]} 1. c4 c5 2. Nf3 Nf6 3. Nc3 d5 4. cxd5 Nxd5 5. e3 e6 6. Bc4 Nc6 7. d4 cxd4 8. exd4 Be7 9. O-O O-O 10. Re1 a6 11. Bb3 Nf6 12. a3 b5 13. Bg5 Bb7 14. Qd3 Rc8 15. Bc2 g6 16. Bb3 {D27: Queen's Gambit Accepted: Classical main line: 7 e4!? and 7 a4} (16. h4 Re8 17. Rad1 Na5 18. Ne5 Nc4 19. Nxc4 Rxc4 20. Bb3 Rc8 21. Qd2 Bd5 22. Nxd5 Nxd5 23. Bxe7 Rxe7 {½-½ (39) Cordova,E (2609)-Kunin,V (2579) Havana 2015}) 16... Na5 17. Ba2 Nc4 18. Qe2 (18. Bxc4 $1 $11 Rxc4 19. Rad1) {Predecessor:} 18... Bxf3 $146 19. Qxf3 Nxb2 {1-0 (42) Eales,R-Wright,D Eastbourne/ East Sussex 1973} *

[Event "Silver Lake Open-A 2019"]
[Site "Veliko Gradiste"]
[Date "2019.06.16"]
[Round "1.8"]
[White "Damljanovic, Branko"]
[Black "Ristic, Luka"]
[Result "*"]
[WhiteElo "2468"]
[BlackElo "2147"]
[Annotator "ChessBase"]
[PlyCount "34"]
[EventDate "2019.06.16"]
[EventType "swiss"]
[EventCountry "SRB"]
[SourceTitle "playchess.com"]
[Source "ChessBase"]
[SourceQuality "1"]
[TimeControl "40/5400+30:900+30"]

1. d4 Nf6 2. c4 c5 3. d5 e6 4. Nc3 exd5 5. cxd5 d6 6. e4 g6 7. Nf3 Bg7 8. Nd2 O-O 9. Be2 a6 10. a4 Qe7 11. O-O Nbd7 12. h3 Ne8 13. Re1 f5 14. exf5 Rxf5 15. Bg4 Re5 16. Be6+ Kh8 17. Nde4 Ndf6 *

[Event "Silver Lake Open-A 2019"]
[Site "Veliko Gradiste"]
[Date "2019.06.16"]
[Round "1.9"]
[White "Djokic, Mihailo"]
[Black "Pikula, Dejan"]
[Result "*"]
[WhiteElo "2140"]
[BlackElo "2468"]
[Annotator "ChessBase"]
[PlyCount "33"]
[EventDate "2019.06.16"]
[EventType "swiss"]
[EventCountry "SRB"]
[SourceTitle "playchess.com"]
[Source "ChessBase"]
[SourceQuality "1"]
[TimeControl "40/5400+30:900+30"]

1. e4 d6 2. d4 Nf6 3. Nc3 e5 4. Nf3 Nbd7 5. Bc4 Be7 6. O-O O-O 7. Re1 c6 8. a4 h6 9. a5 Re8 10. d5 b5 11. Bf1 cxd5 12. Nxd5 a6 13. c4 bxc4 14. Bxc4 Rb8 15. Nxf6+ Nxf6 16. Qd3 Ra8 17. Be3 *

[Event "Silver Lake Open-A 2019"]
[Site "Veliko Gradiste"]
[Date "2019.06.16"]
[Round "1.10"]
[White "Stankovic, Milos"]
[Black "Al Atarji, Sami"]
[Result "*"]
[WhiteElo "2462"]
[BlackElo "2133"]
[Annotator "RC"]
[PlyCount "37"]
[EventDate "2019.06.16"]
[EventType "swiss"]
[EventCountry "SRB"]
[SourceTitle "playchess.com"]
[Source "ChessBase"]
[SourceQuality "1"]
[TimeControl "40/5400+30:900+30"]

1. e4 c5 2. Nf3 g6 3. Bc4 Bg7 4. c3 e6 5. d4 cxd4 6. cxd4 d5 7. exd5 exd5 8. Bb3 Ne7 9. O-O O-O 10. Nc3 Nbc6 11. Bg5 Be6 12. Re1 h6 13. Bxe7 Nxe7 14. Ne5 Nf5 15. Nxg6 fxg6 16. Rxe6 Qg5 17. Bxd5 Kh7 18. Ne4 Qd8 19. Bb3 *

[Event "Silver Lake Open-A 2019"]
[Site "Veliko Gradiste"]
[Date "2019.06.17"]
[Round "2.4"]
[White "Strugnell, Carl"]
[Black "Damljanovic, Branko"]
[Result "*"]
[WhiteElo "2260"]
[BlackElo "2468"]
[Annotator "TA"]
[PlyCount "23"]
[EventDate "2019.06.16"]
[EventType "swiss"]
[EventCountry "SRB"]
[SourceTitle "playchess.com"]
[Source "ChessBase"]
[SourceQuality "1"]

{[%evp 17,23,15,8,15,17,13,21,-7]} 1. e4 e5 2. Nf3 Nc6 3. Bc4 Bc5 4. O-O Nf6 5. d3 O-O 6. Bb3 d6 7. c3 Bb6 8. Nbd2 Be6 9. Nc4 h6 {The position is equal.} 10. Re1 {C54: Giuoco Piano: 4 c3 Nf6, main lines with 5 d4 and 5 d3} Re8 11. a4 Bc5 12. Ne3 $146 ({Predecessor:} 12. a5 Ng4 13. Ne3 Bxe3 {½-½ (13) Movsesian,S (2695)-Morozevich,A (2774) Sarajevo 2008}) *

[Event "Silver Lake Open-A 2019"]
[Site "Veliko Gradiste"]
[Date "2019.06.17"]
[Round "2.6"]
[White "Lajthajm, Borko"]
[Black "Ersahin, Bulent"]
[Result "*"]
[WhiteElo "2433"]
[BlackElo "2198"]
[Annotator "TA"]
[PlyCount "38"]
[EventDate "2019.06.16"]
[EventType "swiss"]
[EventCountry "SRB"]
[SourceTitle "playchess.com"]
[Source "ChessBase"]
[SourceQuality "1"]

{[%evp 29,35,-7,-24,-21,-29,-27,-26,-110]} 1. c4 c5 2. Nf3 Nf6 3. Nc3 d5 4. cxd5 Nxd5 5. e3 e6 6. Bc4 Nc6 7. d4 cxd4 8. exd4 Be7 9. O-O O-O 10. Re1 a6 11. Bb3 Nf6 12. a3 b5 13. Bg5 Bb7 14. Qd3 Rc8 15. Bc2 g6 16. Bb3 {D27: Queen's Gambit Accepted: Classical main line: 7 e4!? and 7 a4} (16. h4 Re8 17. Rad1 Na5 18. Ne5 Nc4 19. Nxc4 Rxc4 20. Bb3 Rc8 21. Qd2 Bd5 22. Nxd5 Nxd5 23. Bxe7 Rxe7 {½-½ (39) Cordova,E (2609)-Kunin,V (2579) Havana 2015}) 16... Na5 17. Ba2 Nc4 18. Qe2 (18. Bxc4 $1 $11 Rxc4 19. Rac1) {Predecessor:} 18... Bxf3 $146 19. Qxf3 Nxb2 {1-0 (42) Eales,R-Wright,D Eastbourne/ East Sussex 1973} *

[Event "Silver Lake Open-A 2019"]
[Site "Veliko Gradiste"]
[Date "2019.06.17"]
[Round "2.8"]
[White "Sahin, Ozgun"]
[Black "Dudukovic, Nikola"]
[Result "*"]
[WhiteElo "2234"]
[BlackElo "2397"]
[Annotator "TA"]
[PlyCount "34"]
[EventDate "2019.06.16"]
[EventType "swiss"]
[EventCountry "SRB"]
[SourceTitle "playchess.com"]
[Source "ChessBase"]
[SourceQuality "1"]

{[%evp 16,34,39,34,42,43,56,48,63,54,40,47,135,130,227,235,237,226,207,206,194]} 1. d4 Nf6 2. c4 c5 3. d5 e6 4. Nc3 exd5 5. cxd5 d6 6. e4 g6 7. Nf3 Bg7 8. Nd2 O-O 9. Be2 a6 {A72: Modern Benoni: Classical: Lines with Bg5} (9... Re8 10. O-O Na6 11. Kh1 Nc7 12. f3 Nd7 13. a4 b6 14. Nc4 Ne5 15. Bf4 Nxc4 16. Bxc4 a6 17. Qe1 h5 18. h4 Rb8 19. Qg3 Bf8 20. Rfe1 b5 21. e5 dxe5 22. Rxe5 {1-0 (46) Eljanov,P (2739)-Salem,A (2638) Geneva 2017}) 10. a4 $1 Qe7 11. O-O Nbd7 {White is slightly better.} 12. h3 Ne8 13. Re1 f5 $146 {[#]} ({Better is} 13... Rb8 $14) ({Predecessor:} 13... g5 14. Nc4 Bd4 15. Bg4 Ne5 16. Nxe5 Qxe5 17. Bxc8 Rxc8 {1-0 (55) Prohaszka,P (2495)-Kristjansson,S (2476) Budapest 2008}) 14. exf5 $1 $16 Rxf5 (14... gxf5 $16 15. Bxa6 Ne5) 15. Bg4 $18 {[%mdl 64] Discovered Attack. White is clearly better.} Re5 16. Be6+ Kh8 17. Nde4 Ndf6 *

[Event "Silver Lake Open-A 2019"]
[Site "Veliko Gradiste"]
[Date "2019.06.17"]
[Round "2.9"]
[White "Eswaran, Ashritha"]
[Black "Stefanov, Emil"]
[Result "*"]
[WhiteElo "2221"]
[BlackElo "2387"]
[Annotator "TA"]
[PlyCount "33"]
[EventDate "2019.06.16"]
[EventType "swiss"]
[EventCountry "SRB"]
[SourceTitle "playchess.com"]
[Source "ChessBase"]
[SourceQuality "1"]

{[%evp 16,33,48,42,39,0,6,0,-2,-2,46,38,20,37,37,12,7,-14,40,48]} 1. e4 d6 2. d4 Nf6 3. Nc3 e5 4. Nf3 Nbd7 5. Bc4 Be7 6. O-O O-O 7. Re1 c6 8. a4 h6 9. a5 Re8 {C41: Philidor Defence} 10. d5 b5 11. Bf1 $146 ({Predecessor:} 11. axb6 Nxb6 12. Bb3 cxd5 13. Nxd5 Nfxd5 14. exd5 Bg4 15. h3 Bh5 16. g4 Bg6 17. Be3 {½-½ (46) Perske,T (2448)-Predojevic,B (2626) Germany 2019}) 11... cxd5 {The position is equal.} 12. Nxd5 a6 13. c4 bxc4 $1 14. Bxc4 Rb8 15. Nxf6+ Nxf6 16. Qd3 Ra8 ({Black should play} 16... d5 $11 17. Bxd5 Nxd5 18. exd5 Bd6) 17. Be3 *

[Event "Silver Lake Open-A 2019"]
[Site "Veliko Gradiste"]
[Date "2019.06.17"]
[Round "2.10"]
[White "Gandhi, Anish"]
[Black "Budisavljevic, Luka"]
[Result "*"]
[WhiteElo "2185"]
[BlackElo "2381"]
[Annotator "TA"]
[PlyCount "37"]
[EventDate "2019.06.16"]
[EventType "swiss"]
[EventCountry "SRB"]
[SourceTitle "playchess.com"]
[Source "ChessBase"]
[SourceQuality "1"]

{[%evp 9,37,10,15,0,0,0,0,0,0,0,0,0,5,-17,3,0,7,0,-4,-21,125,126,127,120,165,134,152,140,187,187]} 1. e4 c5 2. Nf3 g6 3. Bc4 Bg7 ({Predecessor:} 3... Nc6 4. c3 Bg7 5. O-O e6 6. d4 cxd4 7. cxd4 d5 8. exd5 exd5 9. Bb3 Nge7 10. Nc3 {1-0 (38) Kandil,A (2277)-Helander,B (1892) Khanty-Mansiysk 2016}) 4. c3 e6 5. d4 cxd4 6. cxd4 {B27: Sicilian: 2 Nf3, unusual Black 2nd moves} d5 7. exd5 exd5 8. Bb3 {The position is equal.} Ne7 9. O-O $146 (9. h3 Nbc6 10. O-O O-O 11. Nc3 h6 12. Bf4 Bf5 {0-1 (43) Safarli,E (2649)-Iturrizaga Bonelli,E (2653) Dubai 2014}) 9... O-O 10. Nc3 Nbc6 11. Bg5 Be6 12. Re1 $36 {[%mdl 2048] White fights for an advantage.} h6 13. Bxe7 Nxe7 14. Ne5 Nf5 {[#]} (14... Qd6 $11) 15. Nxg6 $1 $16 {[%mdl 576] Deflection} fxg6 16. Rxe6 Qg5 17. Bxd5 {And now Rxg6+ would win.White is clearly better.} Kh7 18. Ne4 ({And not} 18. Bxb7 Rab8 $11) 18... Qd8 {[#]} 19. Bb3 $1 {Accuracy: White = 59%, Black = 40%.} ({But not} 19. Bxb7 $6 Rb8) *

[Event "Silver Lake Open-A 2019"]
[Site "Veliko Gradiste"]
[Date "2019.06.17"]
[Round "3.1"]
[White "Yu, Jennifer"]
[Black "Georgiev, Kiril"]
[Result "1/2-1/2"]
[WhiteElo "2369"]
[BlackElo "2591"]
[Annotator "TA"]
[PlyCount "184"]
[EventDate "2019.06.16"]
[EventType "swiss"]
[EventCountry "SRB"]
[SourceTitle "playchess.com"]
[Source "ChessBase"]
[SourceQuality "1"]

{[%evp 19,183,0,0,-3,-4,-52,-40,-66,0,-7,22,15,50,46,42,39,46,0,56,42,52,45,72,33,36,39,40,35,87,54,50,23,85,77,84,55,43,0,0,-14,-2,-31,-33,-41,-41,-41,-40,-37,-38,-34,-8,-13,-13,-25,-6,-8,0,0,0,0,0,0,0,0,0,-7,-7,0,0,-7,-7,-7,0,0,0,-9,0,0,0,0,11,0,0,0,0,0,0,0,0,0,0,0,0,-7,-7,-7,-7,-7,0,-6,0,0,0,-7,7,6,47,0,0,0,8,-4,-5,-8,-8,-8,0,-37,-37,-36,-8,-8,-8,-8,-8,-8,0,-8,-8,-8,-8,-8,-8,-8,-8,-8,-8,-8,-8,-8,-8,-8,-8,-9,-8,-8,-8,-8,-8,-8,-8,-8,-8,-8,-8,-8,-8,-8,-8,-8,-8,-8,-8,-8,-8,-8]} 1. c4 Nf6 2. Nc3 g6 3. g3 Bg7 4. Bg2 O-O 5. Nf3 d6 6. d4 c5 7. O-O Nc6 8. dxc5 dxc5 9. Be3 Be6 10. Bxc5 Qa5 11. Be3 {E65: King's Indian: Fianchetto: 6...c5 7 0-0 without d5 by White} (11. Ba3 Rfd8 12. Qb3 Qa6 13. Nb5 Rac8 14. Rad1 Rxd1 15. Rxd1 Na5 16. Qa4 Nxc4 17. Qxa6 bxa6 18. Nbd4 Bd5 19. Bxe7 Nxb2 {½-½ (61) Kovalyov,A (2613)-Flores,D (2567) Montevideo 2015}) 11... Bxc4 12. Nd2 Be6 13. Qa4 {Black is slightly better.} Qh5 ({Black should play} 13... Qxa4 $15 14. Nxa4 Nd5) 14. Nf3 $146 ({Predecessor:} 14. f3 Rfd8 15. Rfd1 Nd5 16. Nxd5 Rxd5 17. Nf1 Ra5 18. Qc2 Bxa2 {0-1 (53) Szypulski,A (2375)-Sarwinski,M (2345) Jachranka 1987}) 14... Ng4 15. Bf4 Nd4 {[#] ( -> ...Nxf3+)} 16. h3 Nxf3+ 17. exf3 Nf6 $1 18. Qa3 g5 (18... Nd5 $11) 19. g4 $14 Qg6 20. Be5 Rfe8 21. f4 gxf4 22. Bxf4 h5 23. g5 ({Reject} 23. Bxb7 hxg4 24. Bxa8 gxh3+ 25. Bg3 Rxa8 $15) 23... h4 (23... Nd7 $1 $14) 24. Rad1 Nh7 25. Nd5 Bxd5 (25... Nxg5 $11 26. Bxg5 Qxg5) 26. Rxd5 $16 e5 27. Bc1 Nxg5 28. Bxg5 (28. Kh1 {looks sharper.} Ne6 29. Rg1 Qf5 30. Qe3 Rac8 31. Be4) 28... Qxg5 29. f4 Qe7 30. Qxe7 Rxe7 31. fxe5 Bxe5 32. Rb5 Rd8 33. Rxb7 Rxb7 34. Bxb7 $15 {[%mdl 4096] Endgame KRB-KRB} Rd2 35. Rf5 f6 36. Rh5 Rd4 37. Bc8 Kg7 38. Bf5 Rf4 39. b3 Bd4+ 40. Kg2 Bb6 41. a4 Kf8 42. Bg4 Rf2+ 43. Kh1 Kg7 44. Rf5 Rb2 45. Rb5 Ra2 46. Be6 Kh6 47. Bg4 Bf2 48. Kg2 Bd4+ 49. Kf3 Rf2+ 50. Ke4 Be5 51. Rb7 Rf4+ 52. Ke3 $1 f5 53. Bf3 Kg5 54. Rb5 Bb2 55. Ke2 a6 56. Rd5 Rb4 57. Bg4 Re4+ 58. Kd3 Be5 59. Bf3 Re1 60. Kd2 Bg3 61. Bg4 Rf1 62. Be2 Bf4+ 63. Kd3 Re1 64. b4 Bg3 65. Bg4 Be5 66. Be2 Kf4 {Threatening ...Rh1.} 67. Kd2 Ra1 68. b5 Ra2+ 69. Kd1 a5 70. b6 {Hoping for Rxe5!The position is equal.} Rxa4 71. b7 {Strongly threatening Rxe5!} Rb4 72. Bb5 $132 {[%mdl 2048] Black must now prevent Rxe5! White is not holding back} Bb8 73. Bd3 Rxb7 74. Rxa5 Rd7 75. Ke2 Be5 76. Ra4+ Bd4 77. Ra5 Re7+ 78. Kf1 Be5 79. Kf2 Rd7 80. Ke2 Rf7 81. Kf2 Bd4+ 82. Ke2 Bc3 {[#]} 83. Rxf5+ $1 {[%mdl 512]} Rxf5 84. Bxf5 Kxf5 $11 {KB-KP} 85. Kf3 Be5 86. Kg2 Kf4 87. Kh2 Kf3+ 88. Kh1 Kg3 89. Kg1 Kxh3 90. Kh1 Kg3 91. Kg1 h3 92. Kh1 h2 {Accuracy: White = 59%, Black = 62%.} 1/2-1/2

[Event "Silver Lake Open-A 2019"]
[Site "Veliko Gradiste"]
[Date "2019.06.17"]
[Round "3.2"]
[White "Markovic, Zoran S"]
[Black "Zakhartsov, Viacheslav V."]
[Result "1/2-1/2"]
[WhiteElo "2334"]
[BlackElo "2518"]
[Annotator "TA"]
[PlyCount "58"]
[EventDate "2019.06.16"]
[EventType "swiss"]
[EventCountry "SRB"]
[SourceTitle "playchess.com"]
[Source "ChessBase"]
[SourceQuality "1"]

{[%evp 23,58,-19,0,-17,-23,-37,-19,-35,0,-6,37,-12,0,-14,-11,-20,-10,-29,-29,-33,-21,-32,0,0,0,0,0,-5,16,0,5,0,12,0,16,2,181]} 1. e4 c5 2. Nf3 d6 3. d4 cxd4 4. Nxd4 Nf6 5. Nc3 a6 6. Be2 e6 7. f4 Be7 8. O-O O-O 9. Kh1 Qc7 10. Qe1 b5 11. Bf3 Bb7 12. e5 Ne8 13. Qg3 {B84: Sicilian Scheveningen: 6 Be2 a6, lines without early Be3} (13. f5 Bxf3 14. Nxf3 dxe5 15. Nxe5 Nc6 16. Bf4 Bf6 17. Nd3 Qe7 18. fxe6 fxe6 19. Ne4 Rd8 20. Qe3 Rd5 21. Nxf6+ Qxf6 {½-½ (60) Womacka,M (2449)-Donchenko,A (2607) Germany 2019}) 13... Nd7 14. Be3 Rc8 15. a3 dxe5 16. fxe5 Nb6 $146 ({Predecessor:} 16... Bxf3 17. Nxf3 Nb6 18. Bd4 Nc4 19. Ne4 f5 20. exf6 Qxg3 21. fxe7 {½-½ (41) Przewoznik,J (2420)-Neverov,V (2465) Poznan 1986}) 17. Rae1 (17. Bg4 $5 {[%cal Rd4e6]} Kh8 18. Nxe6 fxe6 19. Rxf8+ Bxf8 20. Rf1 $16) 17... Nc4 18. Bc1 Bxf3 19. Rxf3 Rd8 20. Nb3 f6 21. exf6 $1 Qxg3 22. Rxg3 Bxf6 23. Nc5 {The position is equal.} Nc7 24. b3 $1 {[%cal Rb3c4]} Nb6 25. Rf3 Bd4 {[#] aiming for ...Rxf3.} 26. Rxf8+ Rxf8 27. N3e4 Nbd5 28. Nd3 h6 29. g3 b4 $2 {Accuracy: White = 33%, Black = 39%.} (29... e5 $11 {and Black stays safe.}) 1/2-1/2

[Event "Silver Lake Open-A 2019"]
[Site "Veliko Gradiste"]
[Date "2019.06.17"]
[Round "3.3"]
[White "Van Dael, Siem"]
[Black "Lajthajm, Borko"]
[Result "1/2-1/2"]
[WhiteElo "2290"]
[BlackElo "2433"]
[Annotator "TA"]
[PlyCount "190"]
[EventDate "2019.06.16"]
[EventType "swiss"]
[EventCountry "SRB"]
[SourceTitle "playchess.com"]
[Source "ChessBase"]
[SourceQuality "1"]

{[%evp 14,190,41,44,76,69,60,56,93,74,71,66,93,41,54,19,35,35,38,40,39,41,29,0,0,-9,0,0,0,0,0,-11,0,2,0,-27,0,-12,-16,-17,-27,-14,-14,-14,-8,-39,-24,-27,-23,-21,-16,-42,0,0,0,0,0,0,0,0,0,0,0,0,0,0,0,0,0,0,0,0,0,0,0,0,0,0,0,0,0,0,0,0,0,0,0,0,0,0,0,-8,-8,-8,-8,-8,-8,-8,-8,-8,-8,-8,-8,-8,-8,-8,-8,-8,-8,-8,-6,-6,-6,-6,-6,-6,-6,-6,0,-6,0,0,0,0,0,0,0,-8,0,-6,-6,-8,-8,-8,-8,-8,0,0,0,-8,0,0,0,0,0,0,0,-8,0,-8,-8,-8,0,0,0,0,0,0,0,0,0,0,0,0,0,0,0,0,0,0,0,0,0,0,0,0,0,0,0]} 1. e4 c5 2. Nf3 e6 3. d4 cxd4 4. Nxd4 a6 5. c4 Qc7 6. Nc3 Nf6 7. a3 Nc6 8. Be3 d6 {B41: Sicilian: Kan Variation: 5 c4} (8... Ne5 9. f3 Be7 10. Rc1 O-O 11. Be2 Ng6 12. Qd2 b6 13. b4 Bb7 14. Na4 Rfb8 15. c5 bxc5 16. Nxc5 Qd8 {½-½ (54) Dominguez Perez,L (2734)-Svidler,P (2747) St Petersburg 2012}) 9. Be2 Be7 10. O-O Nd7 $146 {White is slightly better.} ({Predecessor:} 10... Bd7 11. Rc1 O-O 12. f3 Rac8 13. Na4 Ne5 14. b4 Rfe8 15. Qb3 Ng6 16. Kh1 e5 17. Nf5 Bxf5 18. exf5 Nf4 19. Qa2 {½-½ (19) Szabo,K (2547)-Mamedov,R (2636) Moscow 2012}) 11. Qd2 Nc5 12. Qc2 Bf6 13. Rfd1 (13. Rad1 $16) 13... O-O $14 14. b4 Nxd4 15. Bxd4 Bxd4 16. Rxd4 e5 $1 {[%cal Re5d4]} 17. Rd2 Ne6 18. Bd3 Nd4 19. Qd1 Be6 20. Ne2 Nc6 21. Rc1 Qe7 22. Rc3 Rfd8 23. Bc2 Rac8 24. Ba4 Na7 25. c5 dxc5 26. Rxc5 Rxd2 27. Rxc8+ Nxc8 28. Qxd2 Nd6 29. Qc2 Bc4 30. Nc3 g6 31. Qd2 Be6 32. Nd5 Bxd5 (32... Qd8 {looks sharper.} 33. Bc2 Nb5 34. Bd3 Nd4 35. Ne3 b5) 33. Qxd5 {The position is equal.} Qc7 34. g3 Nc4 35. Qd3 Nd6 36. Bb3 Nb5 37. a4 Nd4 38. Qc4 Qe7 39. Kg2 Kg7 40. Ba2 Qf6 {[#] And now ...Qf3+ would win.} 41. Qc3 h5 42. h4 Qc6 43. Qxc6 Nxc6 $11 {[%mdl 4096] Endgame KB-KN} 44. b5 axb5 45. axb5 Nb4 46. Bb3 b6 47. Kf3 Nd3 $1 48. Ke3 Nc5 49. Bd5 f6 50. f4 Kf8 51. Kf3 Ke7 52. g4 hxg4+ 53. Kxg4 exf4 $1 54. Kxf4 Nd3+ 55. Ke3 Ne5 56. Bb3 Kd6 57. Bd1 Kc5 58. h5 gxh5 59. Bxh5 Kxb5 60. Kf4 Kc5 61. Kf5 b5 62. Kxf6 Kd4 63. Kf5 Nc4 64. Kf4 b4 65. Bd1 $1 Ne5 66. Bb3 Nd3+ 67. Kf5 Kc3 68. Bd5 Kd4 69. Bb3 Nc5 70. Bd5 Nd7 71. Be6 Ne5 {[#] Threatens to win with ...Nc4.} 72. Kf4 Nc6 73. Bd5 Na5 74. Be6 Nc6 75. Bd5 Ne5 76. Be6 Ng6+ 77. Kf5 Nf8 78. Bb3 (78. Ba2 {keeps more tension.} Nd7 79. Bb3 Ne5 80. Kf4) 78... Nd7 79. Be6 Nc5 80. Bd5 Nd3 81. Be6 Nc1 82. Bf7 Nd3 83. Be6 Nf2 84. Bd5 Nd1 {...Ne3+ is the strong threat.} 85. Bb3 Ne3+ 86. Kf4 Ng2+ 87. Kf5 Kc3 88. Bd5 Kd3 89. Bb3 Ne3+ 90. Kf4 Ng2+ 91. Kf5 Kc3 92. Bd5 Kd4 {Strongly threatening ...Ne3+.} 93. Bb3 Ne3+ 94. Kf4 Nc4 95. Bxc4 Kxc4 {Accuracy: White = 71%, Black = 70%.} 1/2-1/2

[Event "Silver Lake Open-A 2019"]
[Site "Veliko Gradiste"]
[Date "2019.06.17"]
[Round "3.4"]
[White "Ioannidis, Evgenios"]
[Black "Nestorovic, Dejan"]
[Result "0-1"]
[WhiteElo "2407"]
[BlackElo "2339"]
[Annotator "TA"]
[PlyCount "50"]
[EventDate "2019.06.16"]
[EventType "swiss"]
[EventCountry "SRB"]
[SourceTitle "playchess.com"]
[Source "ChessBase"]
[SourceQuality "1"]

{[%evp 12,50,7,20,42,19,26,18,16,16,35,-3,47,47,58,58,51,-6,0,0,0,-5,-12,-41,-43,-39,-40,-58,-7,-22,-7,-211,-207,-260,-258,-392,-405,-528,-511,-518,-504]} 1. d4 Nf6 2. c4 e6 3. Nf3 Bb4+ 4. Nbd2 b6 5. g3 Bb7 6. Bg2 O-O 7. O-O c6 {E16: Queen's Indian: 4 g3 Bb7 5 Bg2 Bb4+} (7... d5 8. Ne5 Qc8 9. cxd5 Bxd5 10. f3 Rd8 11. Ne4 Nbd7 12. Nxf6+ Nxf6 13. e4 Bb7 14. Be3 Nd7 15. Qb3 Be7 16. Nxd7 Qxd7 {½-½ (42) Keymer,V (2516)-Svidler,P (2735) Karlsruhe/Baden Baden 2019}) 8. a3 Be7 9. Qc2 $146 ({Predecessor:} 9. e4 d6 10. Re1 Nbd7 11. e5 dxe5 12. dxe5 Ne8 13. Nb3 Qc7 14. Bf4 Rd8 15. Qc2 {0-1 (28) Mukose,E (2018)-Tamale,I Kampala 2017}) 9... d5 {The position is equal.} 10. e4 a5 11. b3 Na6 12. Bb2 Rc8 13. Rac1 Rc7 14. Qb1 ({Better is} 14. Rcd1 $14) 14... Nxe4 $11 15. Nxe4 dxe4 16. Qxe4 c5 17. Qg4 {Threatens to win with dxc5.} (17. d5 {feels hotter.} exd5 18. cxd5 Bxd5 19. Qe2 Qc8 20. Rfe1) 17... Bf6 18. Rcd1 {Strongly threatening dxc5.} Qa8 19. Ne1 {[#]} Rd8 (19... a4 $1 $15 {[%mdl 512]} 20. Rb1 (20. bxa4 cxd4) 20... cxd4 21. Bxd4 Bxd4 22. Qxd4 Nc5) 20. Bxb7 Rxb7 21. Nc2 $2 {[#]} (21. Nf3 $11) 21... Rbd7 $1 $19 22. Ba1 {[#]} cxd4 $1 23. Rxd4 (23. Ne1 $142) 23... h5 24. Qe4 {And now Qxa8 would win.} Bxd4 25. Qxa8 Bxf2+ {Accuracy: White = 31%, Black = 61%.} 0-1